ბათუმის შოთა რუსთაველის სახელმწიფო უნივერსიტეტის ბიბლიოთეკა

Guyton and Hall textbook of medical physiology / (ბიბ.ჩანაწერი № 50493)

000 -LEADER
fixed length control field 00710cam a22002291a 4500
001 - CONTROL NUMBER
control field 15882912
005 - DATE AND TIME OF LATEST TRANSACTION
control field 20221114150244.0
008 - FIXED-LENGTH DATA ELEMENTS--GENERAL INFORMATION
fixed length control field 090825s2011 paua b 001 0 eng
020 ## - INTERNATIONAL STANDARD BOOK NUMBER
International Standard Book Number 9781416045748x
041 ## - LANGUAGE CODE
Language code of text/sound track or separate title eng
080 ## - UNIVERSAL DECIMAL CLASSIFICATION NUMBER
Universal Decimal Classification number 612(075.5) H-19
100 1# - MAIN ENTRY--PERSONAL NAME
Personal name Hall, John E.
Fuller form of name
Dates associated with a name
9 (RLIN) 7315
245 10 - TITLE STATEMENT
Title Guyton and Hall textbook of medical physiology /
Statement of responsibility, etc. John Hall.
246 30 - VARYING FORM OF TITLE
Title proper/short title Textbook of medical physiology
250 ## - EDITION STATEMENT
Edition statement 12th ed.
264 ## - PRODUCTION, PUBLICATION, DISTRIBUTION, MANUFACTURE, AND COPYRIGHT NOTICE
Place of production, publication, distribution, manufacture Philadelphia, Pa. :
Name of producer, publisher, distributor, manufacturer Saunders/Elsevier,
Date of production, publication, distribution, manufacture, or copyright notice c2011.
300 ## - PHYSICAL DESCRIPTION
Extent xix, 1091 p. :
Other physical details ill. (mostly col.) ;
Dimensions 29 cm.
653 ## - INDEX TERM--UNCONTROLLED
keyword მედიცინა
653 ## - INDEX TERM--UNCONTROLLED
keyword ფიზიოლოგია
700 1# - ADDED ENTRY--PERSONAL NAME
Personal name Guyton, Arthur C.
9 (RLIN) 7318
942 ## - ADDED ENTRY ELEMENTS (KOHA)
Source of classification or shelving scheme
Koha item type წიგნი
ეგზემპლარები
Withdrawn status Lost status Source of classification or shelving scheme Damaged status Not for loan Permanent Location Current Location Shelving location Date acquired Cost, normal purchase price Full call number Barcode Date last seen Copy number Price effective from Koha item type Public note
          ბათუმის შოთა რუსთაველის სახელმწიფო უნივერსიტეტის მთავარი ბიბლიოთეკა ბათუმის შოთა რუსთაველის სახელმწიფო უნივერსიტეტის მთავარი ბიბლიოთეკა წიგნსაცავი 2020-07-27 77.00 612(075.5) H-19 60659 2020-07-27 60659 2020-07-27 წიგნი 77 ლ.